Nghiên cứu chiết tách HCA trong lá, vỏ quả bứa bằng dung dịch kiềm

Khảo sát quá trình chiết tách axit hidroxycytric từ vỏ quả bứa bằng dung dịch kiềm để tạo muối. So sánh hiệu suất chiết HCA bằng dung dịch kiềm và dung môi nước đã sử dụng trước dây. Đóng góp thêm những thông tin, tư liệu khoa học về cây bứa, tạo cơ sở khoa học ban đầu cho các nghiên cứu sâu về ứng...

Disgrifiad llawn

Wedi'i Gadw mewn:
Manylion Llyfryddiaeth
Prif Awdur: Lê Thị Cúc
Awduron Eraill: Đào Hùng Cường GS.TS (Hướng dẫn)
Fformat: Llyfr
Iaith:Vietnamese
Cyhoeddwyd: Đà Nẵng Đại học Đà Nẵng 2013
Pynciau:
Tagiau: Ychwanegu Tag
Dim Tagiau, Byddwch y cyntaf i dagio'r cofnod hwn!
Thư viện lưu trữ: Mạng thư viện Đại học Đà Nẵng
LEADER 01888nam a2200361 4500
001 000019189
003 15624
005 20140331140327.0
008 140331s2013 viesd
041 |a vie 
082 1 4 |a 664.022  |b LÊ-C 
100 |a Lê Thị Cúc 
245 |a Nghiên cứu chiết tách HCA trong lá, vỏ quả bứa bằng dung dịch kiềm  |c Lê Thị Cúc ; Đào Hùng Cường hướng dẫn.  |k Luận văn Thạc sĩ 
260 |a Đà Nẵng  |b Đại học Đà Nẵng  |c 2013 
300 |a 81 tr., phụ lục 9 tr.  |b Hình mh.  |c 29 cm.  |e Tóm tắt 
500 |a Luận văn thạc sĩ Khoa học. Chuyên ngành : Hóa hữu cơ. Mã số: 60.44.27. 
520 |a Khảo sát quá trình chiết tách axit hidroxycytric từ vỏ quả bứa bằng dung dịch kiềm để tạo muối. So sánh hiệu suất chiết HCA bằng dung dịch kiềm và dung môi nước đã sử dụng trước dây. Đóng góp thêm những thông tin, tư liệu khoa học về cây bứa, tạo cơ sở khoa học ban đầu cho các nghiên cứu sâu về ứng dụng của axit hidroxycytric . 
650 0 4 |a Vỏ quả bứa  |v Luận văn tốt nghiệp  |x Axit hydroxycitric.  |x Chiết tách  |z Đà Nẵng 
653 |a Hóa hữu cơ 
653 |a Quả bứa 
653 |a Chiết tách 
653 |a Axit hydroxycitric. 
700 |a Đào Hùng Cường  |c GS.TS  |e Hướng dẫn 
OWN |a LSP 
AVA |a UDN50  |b LSP  |d 664.022 LÊ-C  |e available  |t Error 5001 Not defined in file expand_doc_bib_avail.  |f 1  |g 0  |h N  |i 0  |k 1 
999 |a From the UDN01 
AVA |a UDN50  |b LSP  |d 664.022 LÊ-C  |e available  |t Error 5001 Not defined in file expand_doc_bib_avail.  |f 1  |g 0  |h N  |i 0  |k 1 
TYP |a Monograph 
TYP |a Printed language 
980 |a Mạng thư viện Đại học Đà Nẵng